000 01154cab a2200325 4500
001 ABS54609
008 090401t1996 xxu||||| |||| 00| 0 eng d
035 _a(Sirsi) u11335
041 _aeng
100 _aWilbourn, P.
245 4 _aThe Red Book and contaminated land
260 _c1996
350 _a0
490 _aEstates Gazette
_v(9606) 10 February 1996, 134-135(2)
520 _aConsiders the role surveyors should take in valuing assets which may be contaminated, especially as a result of liabilities arising from the Environment Act 1995, and the formation of the Environment Agency.
650 _aCONTAMINATED LAND
650 _aCAMBRIDGE WATER CO LTD V EASTERN COUNTIES LEATHER PLC
650 _aINSURANCE ISSUES
650 _aLAND CONTAMINATION GUIDANCE FOR CHARTERED SURVEYORS
650 _aLAND QUALITY STATEMENT
650 _aPOLLUTION EXCLUSION CLAUSE
650 _aPROFESSIONAL INDEMNITY INSURANCE
650 _aRICS APPRAISAL AND VALUATION MANUAL
650 _aRYLANDS V FLETCHER
650 _aVALUATION ISSUES
690 _aRATING AND VALUATION
700 _aHirst, P.
942 _n0
948 _c04/03/1997
999 _c7215
_d7215